00435nam a2200145Ia 4500008004100000020002200041082000800063100001100071245001700082260004900099300000900148942001200157952010500169999001500274250526s9999 xx 000 0 und d a9609358635639qPB aZAA aZaahee 0aBalmaa jinni a"Male', Maldives"bDhagatha Publishersc2023 a58p. iZAAcAD 00104070aKFPLbKFPLcDHId2025-05-26l0oZAApKL-2024-000915r2025-05-26 13:15:12w2025-05-26yAD c3136d3136